The Reader's digest family guide to alternative medicine

Bibliographic Details
Format: Book
Published: New South Wales : Reader's Digest (Australia) Pty.Ltd. , 1992
Subjects:

MARC

LEADER 00000cam a2200000 7i4500
001 0000004663
002 000005030
005 20000330.0
020 |a 0864382367 
090 0 0 |a 615.5   |b REA 
245 1 4 |a The Reader's digest family guide to alternative medicine 
260 |a New South Wales :   |b Reader's Digest (Australia) Pty.Ltd. ,   |c 1992 
300 |a 399p. :   |b ill ;   |c 26cm. 
650 0 0 |a Alternative medicine 
650 0 0 |a Family   |x Health and hygiene 
650 0 0 |a Medicine, Popular 
650 0 0 |a Self-care, Health 
999 |a 032650   |b BUKU   |c PINJAMAN   |e PERPUSTAKAAN KOMUNITI PETALING JAYA 
999 |a 032651   |b BUKU   |c PINJAMAN   |e PERPUSTAKAAN KOMUNITI PETALING JAYA 
999 |a 041801   |b BUKU   |c PINJAMAN   |e PERPUSTAKAAN KOMUNITI PETALING JAYA